01731nas a2200241Ia 4500001001100000003001000011008004100021040002500062041001200087100003500099210004800134222004800182245008500230250001100315260009100326300001200417310001500429362003700444500043900481501011400920520043901034650001601473R050-S2043IT-CnALBA170116c99999999xx |||||||||||| ||und|| aIT-CnALBAcIT-CnALBA aLATINO  aPIO XII, PAPA PACELLI EUGENIO. aCOMMENTARIUM PRO RELIGIOSIS ET MISSIONARIIS aCOMMENTARIUM PRO RELIGIOSIS ET MISSIONARIIS 0aCOMMENTARIUM PRO RELIGIOSIS ET MISSIONARIIS. GENNAIO DICEMBRE 1955. VOL. XXXIV.  a1a ed. a ROMAbVATICANA - LIBR. EDITR. POLIGL. c1955 [1° Ed.:1955 - Ed.Ling.Originale: 1955] a414 p.  aBIMESTRALE aFascicolo: 1-6 / Anno: 36 (1955) aINDICE SISTEMATICO. ATTI E DOCUMENTI DEL SANTO PADRE. ATTI DELLE CONGREGAZIONI ROMANE. DEI TRIBUNALI. DEGLI UFFICI. COMMENTO AL CODICE, LARRAONA A. CONSULTAZIONI, GOYENECHE S. STUDI CANONICI. STUDI VARI. SEZIONE MISSIONARIA. LIMITAZIONE DELL'USO DELLE FACOLTÀ DELL'UNIONE DEL CLERO PER LE MISSIONI, LEE I. STATISTICHE. CRONACA GENERALE. CAUSE DI BEATIFICAZIONE E CANONIZZAZIONE. CARDINALI PROTETTORI. CONSULTORI. CAPITOLI GENERALI.  aSocietà San Paolo EM - Piazza San Paolo, 14 - 12051 ALBA (CN) (non commercial uses only) ® Copyright 2017 aINDICE SISTEMATICO. ATTI E DOCUMENTI DEL SANTO PADRE. ATTI DELLE CONGREGAZIONI ROMANE. DEI TRIBUNALI. DEGLI UFFICI. COMMENTO AL CODICE, LARRAONA A. CONSULTAZIONI, GOYENECHE S. STUDI CANONICI. STUDI VARI. SEZIONE MISSIONARIA. LIMITAZIONE DELL'USO DELLE FACOLTÀ DELL'UNIONE DEL CLERO PER LE MISSIONI, LEE I. STATISTICHE. CRONACA GENERALE. CAUSE DI BEATIFICAZIONE E CANONIZZAZIONE. CARDINALI PROTETTORI. CONSULTORI. CAPITOLI GENERALI.  aMISSIOLOGIA